|
|
|
|
| LEADER |
01102nam a2200277 i 4500 |
| 001 |
c000304025 |
| 003 |
CARM |
| 005 |
00000000000000.0 |
| 008 |
840302s1974 nyu 0 eng d |
| 019 |
1 |
|
|a 440471
|5 LACONCORD2021
|
| 020 |
|
|
|a 0470208503
|
| 035 |
|
|
|a (OCoLC)898136
|5 LACONCORD2021
|
| 082 |
0 |
4 |
|a 515/.7
|
| 100 |
1 |
|
|a Demʹi͡anov, V. F.
|q (Vladimir Fedorovich),
|d 1938-
|
| 240 |
1 |
0 |
|a Vvedenie v minimaks.
|l English
|
| 245 |
1 |
0 |
|a Introduction to minimax /
|c [by] V. F. Dem'yanov and V. N. Malozemov. Translated from Russian by D. Louvish.
|
| 260 |
|
|
|a New York :
|b Wiley,
|c [1974].
|
| 300 |
|
|
|a vii, 307 p :
|b illus ;
|c 25 cm.
|
| 500 |
|
|
|a "A Halsted Press book.".
|
| 504 |
|
|
|a Includes bibliographical references.
|
| 650 |
|
0 |
|a Maxima and minima.
|
| 650 |
|
0 |
|a Mathematical optimization.
|
| 700 |
1 |
|
|a Malozemov, V. N.
|q (Vasiliĭ Nikolaevich),
|d 1939-
|
| 852 |
8 |
|
|b CARM
|h A2:AB11B0
|i C10979
|p 0514368
|f BK
|
| 999 |
f |
f |
|i 0b056451-550e-5286-bdaa-67036bdb90b5
|s d704bcf2-ef25-50e1-8713-ce4c83c7f900
|
| 952 |
f |
f |
|p Can circulate
|a CAVAL
|b CAVAL
|c CAVAL
|d CARM 1 Store
|e C10979
|f A2:AB11B0
|h Other scheme
|i book
|m 0514368
|